Statistiques concernant Forme longue des noms des pays d'Amérique par drapeau / Partie 1

Cliquez ici pour prendre le quiz!

Statistiques générales

  • Ce quiz a été pris 17 fois
  • Le résultat moyen est 6 sur 16

Statistiques - réponses

Réponse% Correct
Antigua-et-Barbuda
82%
Bélize
59%
Etats Unis d'Amérique
59%
République dominicaine
59%
Barbade
53%
Canada
47%
République de Colombie
35%
République du Chili
35%
République du Costa Rica
35%
République Argentine
29%
République de Cuba
29%
République d'Equateur
24%
Commonwealth des Bahamas
18%
Etat plurinational de Bolivie
18%
Commonwealth de la Dominique
12%
république fédérative du Brésil
12%

Distribution des résultats

Percentile par nombre de réponses

% des personnes avec chaque résultat

Votre développement - résultats

Vous n’avez pas pris ce quiz